000 00362nam a2200145Ia 4500
008 150201s2004 xx 000 0 und d
082 _a617.65
_bO2004G
100 _aSINGH GURKEERAT
245 _aTEXTBOOK OF ORTHODONTICS
250 _a1ST
260 _bJAYPEE MEDICAL PUBLISHER
_aDELHI
_c2004
300 _a1-650
650 _aORTHODONTICS
942 _2ddc
_cBK
_02
999 _c3080
_d3080